| 000 | 00455nam a2200181Ia 4500 | ||
|---|---|---|---|
| 001 | 8539 | ||
| 005 | 20260306160617.0 | ||
| 008 | 260306t2018||||xx |||||||||||||| ||spa|| | ||
| 041 | _aESP | ||
| 082 |
_a371.102 _bM26 |
||
| 100 |
_aMarcelo, Carlos _eAUT |
||
| 245 | 0 |
_aDesarrollo profesional docente: _b¿cómo se aprende a enseñar? |
|
| 260 | _c2018 | ||
| 300 |
_a171 páginas : _c24 cm. |
||
| 650 | _aGEN | ||
| 654 | _aCED | ||
| 942 |
_cLIB _dJUS _fJUS _2ddc _n |
||
| 999 |
_c8539 _d8539 |
||